| 000 | 00481 a2200169 4500 | ||
|---|---|---|---|
| 999 |
_c41631 _d41631 |
||
| 003 | OSt | ||
| 005 | 20221101115724.0 | ||
| 008 | 221101b ||||| |||| 00| 0 eng d | ||
| 020 | _a9789388005043 | ||
| 040 | _coclc | ||
| 082 |
_a621.3 _bSHI/B |
||
| 100 |
_99205 _aShivakumar, E, G |
||
| 245 |
_aBasic electrical engineering / _cE G Shivakumar |
||
| 260 |
_aChennai: _bYesdee, _c2019. |
||
| 300 | _a300 pages | ||
| 942 |
_2ddc _cBK _h621.3 _iSHI/B _k621.3 _mSHI/B |
||